00469nmm a2200157Ia 4500008004100000020001800041041000800059100002500067245003500092264005800127300001800185650003300203856005100236942000700287999001700294251105s9999||||xx |||||||||||||||||und|| a9789875911177 aspa aIriondo, Martín H. 0aIntroducción a la geología a[Buenos Aires, Argentina] :bEditorial Brujas, c2014 a324 páginas aBiology and natural sciences uhttps://public.digitaliapublishing.com/a/35442 cCF c97442d97442